| 000 | 01166nam a2200301 a 4500 | ||
|---|---|---|---|
| 001 | 80404 | ||
| 003 | BD-RjUL | ||
| 005 | 20220920123713.0 | ||
| 008 | 220920s1966 lh ||| | ger | ||
| 035 | _a(BD-RjUL)80404 | ||
| 040 |
_aTAU _beng _cBD-RjUL |
||
| 041 | _aeng | ||
| 082 |
_223 _a294.5 _bSOK 1966 |
||
| 100 | 0 |
_aSomadeva Bhaṭṭa, _dactive 11th century _94919 |
|
| 245 | 1 | 0 |
_aKatha sarit sagara : _bdie Märchensammlung des Somadeva / _chrsg. von Hermann Brockhaus |
| 260 |
_aNendeln /Liechtenstein : _bKraus Reprint Ltd., _c1966 |
||
| 300 |
_a2 v.; _c23 cm. |
||
| 490 | 1 |
_aAbhandlungen für die Kunde des Morgenlandes ; _vBd. 4, Nr. 5, 1866 |
|
| 500 | _aAuthorized reprint. Originally published: Leipzig : F. A. Brockhaus, 1862-1866 | ||
| 505 | 0 | _a[1] Buch VI-VIII -- [2] Buch IX-XVIII | |
| 650 | 4 |
_aHindu mythology _94920 |
|
| 650 | 4 |
_aTales _zIndia _94921 |
|
| 651 | 4 |
_aIndia _xSocial life and customs _94922 |
|
| 700 | 1 |
_aBrockhaus, Hermann _94923 |
|
| 830 | 0 |
_aAbhandlungen für die Kunde des Morgenlandes ; _vBd. 4, Nr. 5, 1866 _94924 |
|
| 942 |
_2ddc _cBK |
||
| 999 |
_c80404 _d80404 |
||